书目信息 |
| 题名: |
我所认识的蒋介石
|
|
| 作者: | 冯玉祥 著 | |
| 分册: | ||
| 出版信息: | 北京 世界知识出版社 2006 |
|
| 页数: | 11,215页 | |
| 开本: | 23cm | |
| 丛书名: | ||
| 单 册: | ||
| 中图分类: | K825.2=6 , K827=73 | |
| 科图分类: | ||
| 主题词: | ||
| 电子资源: | ||
| ISBN: | 7-5012-2750-0 | |
| 000 | 00935nam0 2200289 450 | |
| 001 | 070730000646 | |
| 005 | 20071015113131.12 | |
| 010 | @a7-5012-2750-0@dCNY19.00 | |
| 035 | @a003421492 | |
| 100 | @a20070510d2006 em y0chiy0110 ea | |
| 101 | 0 | @achi |
| 102 | @aCN@b110000 | |
| 105 | @aa z 000ya | |
| 200 | 1 |
@a我所认识的蒋介石@Awo suo ren shi |
| 210 | @a北京@c世界知识出版社@d2006 | |
| 215 | @a11,215页@c照片@d23cm | |
| 300 | @a冯玉祥自传第3卷 | |
| 330 | @a本书以大量的事实,讲述了蒋、冯之间关系的发生、发展和变化,揭露了蒋介石的真实面目,披露了很多鲜为人知的内幕资料。 | |
| 600 | 0 | @a冯玉祥@f(1882~1948)@x回忆录 |
| 600 | 0 | @a冯玉祥@f(1882~1948) |
| 600 | 0 | @a蒋介石@f(1887~1975) |
| 600 | 0 | @a蒋介石@f(1887~1975)@x生平事迹 |
| 690 | @aK825.2=6@v4 | |
| 690 | @aK827=73@v4 | |
| 701 | 0 | @a冯玉祥@Afeng yu xiang@f(1882-1948)@4著 |
| 801 | 0 | @aCN@c20071015 |
| 905 | @dK825.2=6@eF530 | |
| 我所认识的蒋介石/冯玉祥著.-北京:世界知识出版社,2006 |
| 11,215页:照片;23cm |
| 冯玉祥自传第3卷 |
| ISBN 7-5012-2750-0:CNY19.00 |
| 本书以大量的事实,讲述了蒋、冯之间关系的发生、发展和变化,揭露了蒋介石的真实面目,披露了很多鲜为人知的内幕资料。 |
| ● |
| 相关链接 |
|
|
|
正题名:我所认识的蒋介石
索取号:K825.2=6/F530
 
预约/预借
| 序号 | 登录号 | 条形码 | 馆藏地/架位号 | 状态 | 备注 |
| 1 | 651420 | 206514208 | 社科库309/309社科库 47排6列4层/ [索取号:K825.2=6/F530] | 在馆 | |
| 2 | 651421 | 206514217 | 社科库309/309社科库 47排6列4层/ [索取号:K825.2=6/F530] | 在馆 | |
| 3 | 651422 | 206514226 | 社科库309/309社科库 47排6列4层/ [索取号:K825.2=6/F530] | 在馆 |